000 00366nam a2200145Ia 4500
008 191201s2005 xx 000 0 und d
082 _a620
_bRAI
100 _aRATHORE, Mahesh M
245 0 _aIntroduction to Mechanical Engineering
250 _a2nd
260 _aN.Delhi
_bDhanpat Rai Pub (P) Ltd
_c2005
300 _a481
650 _aB.Tech(ME)
942 _2ddc
_cBK
999 _c1591
_d1591